| 000 | 02680cam a2200361 a 4500 | ||
|---|---|---|---|
| 001 | 2741 | ||
| 003 | FISKH | ||
| 005 | 20240611155934.0 | ||
| 008 | 000630s2000 nyu b 001 0 eng d | ||
| 010 | _a 00106191 | ||
| 020 | _a0375402101 | ||
| 035 | _a(OCoLC)ocm44947512 | ||
| 040 |
_aNPL _cNPL _dAAB _dNOR _dDLC |
||
| 042 | _alccopycat | ||
| 043 | _an-us--- | ||
| 050 | 0 | 0 |
_aHV8059 _b.B395 2000 |
| 082 | 0 | 0 |
_a683.4/00973 _221 |
| 100 | 1 | _aBellesiles, Michael A. | |
| 245 | 1 | 0 |
_aArming America : _bthe origins of a national gun culture / _cMichael A. Bellesiles. |
| 260 |
_aNew York : _bAlfred A. Knopf, _c2000. |
||
| 300 |
_a603 pages : _c25 cm. |
||
| 500 | _aThis book serves as a rare example of a discredited non-fiction item by a once respected contemporary academic. | ||
| 504 | _aIncludes bibliographical references and index. | ||
| 505 | 0 | 0 |
_tIn search of guns -- _gch. 1. _tEuropean gun heritage -- _gch. 2. _tRole of guns in the conquest of North America -- _gch. 3. _tGuns in the daily life of colonial America -- _gch. 4. _tCreation of the first American gun culture : Indians and firearms -- _gch. 5. _tBrown Bess in the wilderness -- _gch. 6. _tPeople numerous and unarmed -- _gch. 7. _tGovernment promotion of gun production -- _gch. 8. _tFrom indifference to disdain -- _gch. 9. _tCreation of a gun subculture -- _gch. 10. _tArming of the American people. |
| 520 | _aArming America: The Origins of a National Gun Culture is a discredited 2000 book by historian Michael A. Bellesiles about American gun culture, an expansion of a 1996 article he published in the Journal of American History. Bellesiles, then a professor at Emory University, used fabricated research to argue that during the early period of US history, guns were uncommon during peacetime and that a culture of gun ownership did not arise until the mid-nineteenth century. Although the book was awarded the prestigious Bancroft Prize in 2001, it later became the first work for which the prize was rescinded, following a decision of Columbia University's Board of Trustees that Bellesiles had "violated basic norms of scholarship and the high standards expected of Bancroft Prize winners." | ||
| 650 | 0 |
_aFirearms ownership _zUnited States _xHistory. |
|
| 856 | 4 | 2 |
_3Contributor biographical information _uhttp://www.loc.gov/catdir/bios/random052/00106191.html |
| 856 | 4 | 1 |
_3Sample text _uhttp://www.loc.gov/catdir/samples/random042/00106191.html |
| 856 | 4 | 2 |
_3Publisher description _uhttp://www.loc.gov/catdir/description/random044/00106191.html |
| 856 | 4 | 2 |
_3Book review (H-Net) _uhttp://www.h-net.org/review/hrev-a0c1c2-aa |
| 906 |
_a7 _bcbc _ccopycat _d2 _encip _f20 _gy-gencatlg |
||
| 942 |
_2lcc _cBK _n0 |
||
| 999 |
_c2741 _d2741 |
||